<?xml version="1.0" encoding="UTF-8"?>
<collection xmlns="http://www.loc.gov/MARC21/slim">
<record>
  <controlfield tag="001">163367</controlfield>
  <controlfield tag="005">20251028143405.0</controlfield>
  <datafield tag="024" ind1="8" ind2=" ">
    <subfield code="2">innovaciondocente</subfield>
    <subfield code="a">5487</subfield>
  </datafield>
  <datafield tag="037" ind1=" " ind2=" ">
    <subfield code="a">INNODOC-2024-5487</subfield>
  </datafield>
  <datafield tag="041" ind1=" " ind2=" ">
    <subfield code="a">spa</subfield>
  </datafield>
  <datafield tag="100" ind1=" " ind2=" ">
    <subfield code="0">(orcid)0000-0001-6360-4475</subfield>
    <subfield code="a">Latorre Sierra, María Nieves</subfield>
    <subfield code="e">coord.</subfield>
  </datafield>
  <datafield tag="245" ind1=" " ind2=" ">
    <subfield code="a">Del Grado con Menciones al Máster sin itinerarios: mejora de conocimientos previos de los alumnos del Máster Universitario en Ingeniería Agronómica.</subfield>
  </datafield>
  <datafield tag="260" ind1=" " ind2=" ">
    <subfield code="a">Zaragoza</subfield>
    <subfield code="b">Universidad de Zaragoza</subfield>
    <subfield code="c">2024</subfield>
  </datafield>
  <datafield tag="520" ind1="3" ind2=" ">
    <subfield code="a">El objetivo principal de este proyecto es mejorar los conocimientos previos de los estudiantes del Máster Universitario en Ingeniería Agronómica de aquellas asignaturas del Grado que no pertenecen a su mención y que no han cursado como asignaturas optativas, pero que son necesarios para adquirir los resultados de aprendizaje de las asignaturas del Máster. El hecho de que el plan de estudios del Grado del que provienen los alumnos (Grado en Ingeniería Agroalimentaria y del Medio Rural) esté estructurado con menciones y el Máster en IA no contemple diferentes itinerarios  enfrenta a los alumnos del Máster a tener que afrontar asignaturas de las cuales no tienen conocimientos previos, ya que estos conocimientos se imparten en asignaturas que no pertenecen a su mención y que en muchas ocasiones no han cursado como optativas. Esto produce que la docencia sea compleja, ya que los conocimientos del Grado y del Máster no se deben solapar, pero el nivel inicial de conocimientos de los alumnos es muy diferente, lo cual puede producir la pérdida de motivación de los alumnos que ya tienen esos conocimientos previos, los de la mención más relacionada con la asignatura, y la pérdida y abandono de aquellos estudiantes que no han cursado las asignaturas relacionadas del Grado. Finalmente, esto puede repercutir en las tasas de éxito y rendimiento de las asignaturas, así como en las tasas de satisfacción de la evaluación de la docencia de esas asignaturas. Para ello, se va a tomar como asignatura piloto la asignatura Sistemas y procesos agroalimentarios con el objetivo de desarrollar estrategias que luego puedan ser aplicadas en otras asignaturas. La consecución del objetivo del proyecto dotará de mejores herramientas a los estudiantes del Máster, facilitando su proceso de aprendizaje, y llevándoles a un aprendizaje más profundo de los resultados de aprendizaje de las otras menciones de las que no se especializaron en el Grado.</subfield>
  </datafield>
  <datafield tag="700" ind1=" " ind2=" ">
    <subfield code="0">(orcid)0000-0002-0341-8408</subfield>
    <subfield code="a">Malón Litago, Hugo</subfield>
  </datafield>
  <datafield tag="700" ind1=" " ind2=" ">
    <subfield code="0">(orcid)0000-0002-0118-3254</subfield>
    <subfield code="a">Manyá Cervelló, Joan Josep</subfield>
  </datafield>
  <datafield tag="700" ind1=" " ind2=" ">
    <subfield code="0">(orcid)0000-0001-7559-9669</subfield>
    <subfield code="a">Abián Vicén, María</subfield>
  </datafield>
  <datafield tag="700" ind1=" " ind2=" ">
    <subfield code="0">(orcid)0000-0002-2436-1041</subfield>
    <subfield code="a">Lobera González, María Pilar</subfield>
  </datafield>
  <datafield tag="856" ind1="4" ind2=" ">
    <subfield code="s">83215</subfield>
    <subfield code="u">http://zaguan.unizar.es/record/163367/files/memoria_PIET_2024_5487.pdf</subfield>
    <subfield code="y">Memoria del proyecto</subfield>
  </datafield>
  <datafield tag="970" ind1=" " ind2=" ">
    <subfield code="a">INNODOC-2024-5487</subfield>
  </datafield>
  <datafield tag="980" ind1=" " ind2=" ">
    <subfield code="a">INNODOC</subfield>
    <subfield code="b">PIET</subfield>
    <subfield code="c">PIET_1</subfield>
  </datafield>
</record>
</collection>